Femminili singolari : Il femminismo è nelle parole

Bewaard in:
Bibliografische gegevens
Hoofdauteur: Gheno, Vera
Formaat: Boek
Taal:Onbekende taal
Gepubliceerd in: Effequ
Tags: Voeg label toe
Geen labels, Wees de eerste die dit record labelt!

MARC

LEADER 00000nam a2200000Ia 4500
001 R-1618
003 CODICE-MESSINA
005 20260212113230.0
008 260211s9999 xx 000 0 und d
040 |c importazione_messina 
100 |a Gheno, Vera 
245 0 |a Femminili singolari :  |b Il femminismo è nelle parole 
260 |b Effequ 
942 |2 ddc  |c BK 
952 |0 0  |1 0  |2 ddc  |4 0  |6 SCAFFALE_15_000000000000000__LGBT_S_R  |7 0  |9 32458  |a ME  |b ME  |d 2026-02-11  |l 0  |o SCAFFALE 15 - LGBT S.R.  |p R-1618  |r 2026-02-11 23:53:12  |w 2026-02-11  |x [REVISIONARE]  |y BK 
999 |c 28125  |d 28125